[Event "GER-ch Youth U18 2020"]
[Site "Willingen"]
[Date "2020.10.22"]
[Round "4.9"]
[White "Wong, Gengchun"]
[Black "Pahl, Theis"]
[Result "0-1"]
[WhiteElo "2120"]
[BlackElo "2056"]
[Annotator "TA"]
[PlyCount "58"]
[EventDate "2020.10.20"]
[EventType "swiss"]
[EventRounds "7"]
[EventCountry "GER"]
[SourceTitle "playchess.com"]
[Source "ChessBase"]
[SourceQuality "1"]

{[%evp 14,58,48,0,0,0,0,0,35,26,16,-47,-40,-31,-15,-25,0,-19,-19,-19,-20,-14,-20,-15,-4,-25,-15,-61,-35,-25,-28,-21,-15,-18,-18,-14,-23,-36,-32,-31,-38,-33,-29,-561,-565,-543,-538]} 1. e4 c5 2. Nf3 e6 3. d4 cxd4 4. Nxd4 a6 5. Bd3 Nc6 6. Nxc6 dxc6 7. O-O e5 8. f4 Bc5+ {B42: Sicilian: Kan Variation: 5 Bd3.} 9. Kh1 Nf6 10. h3 {[#]} h5 $146 {The position is equal.} ({Predecessor:} 10... Ng4 11. Qe1 h5 12. f5 Qd4 13. Nc3 Bd7 14. Qh4 Nf2+ 15. Kh2 Nxd3 16. cxd3 f6 17. Qg3 O-O-O 18. Ne2 Qd6 19. Rd1 h4 20. Qf2 {0-1 (20) Veljanoski,A (2018)-Stamenkov,V (2321) Ohrid 2019}) 11. Qe1 h4 12. fxe5 (12. f5 $11) 12... Nh5 $15 {Threatens to win with ...Ng3+.} 13. Rf3 $1 Be6 14. Be3 Qe7 15. Bxc5 Qxc5 16. Qc3 Qxc3 17. Nxc3 Ng3+ 18. Kh2 Rh5 19. Rf4 Ke7 20. Ne2 Nxe2 $1 21. Bxe2 Rxe5 22. Rxh4 g5 23. Rh5 Rxe4 24. Bd3 Re5 25. a3 c5 26. h4 c4 $36 {[%mdl 2048] White is under pressure.} 27. Bf1 Rg8 28. Rd1 $2 {[%mdl 8192]} (28. c3 $11 {and White is okay.}) 28... Bg4 $1 $19 {[%csl LRd1,LRh5][%mdl 64] [#] Double Attack} 29. Rxg5 Rgxg5 {Av CentiPawn Loss W=-32/B=-4. Weighted=-71/-6} 0-1

[Event "GER-ch Youth U18 2020"]
[Site "Willingen"]
[Date "2020.10.22"]
[Round "4.10"]
[White "Lange, Jannis"]
[Black "Huber, Benedikt"]
[Result "0-1"]
[WhiteElo "2126"]
[BlackElo "2191"]
[Annotator "TA"]
[PlyCount "74"]
[EventDate "2020.10.20"]
[EventType "swiss"]
[EventRounds "7"]
[EventCountry "GER"]
[SourceTitle "playchess.com"]
[Source "ChessBase"]
[SourceQuality "1"]

{[%evp 19,74,20,24,35,17,13,12,0,0,-58,-43,-69,-60,-72,-58,-78,-46,-137,-142,-181,-192,-288,-277,-293,-225,-277,-268,-264,-273,-279,-283,-281,-261,-257,-244,-298,-291,-310,-308,-308,-264,-320,-294,-338,-338,-343,-344,-349,-328,-510,-505,-621,-606,-29989,-29990,-29992,-29992]} 1. e4 c5 2. Nf3 e6 3. d4 cxd4 4. Nxd4 Nc6 5. Nc3 Qc7 6. g3 a6 7. Bg2 Nf6 8. O-O Nxd4 9. Qxd4 Bc5 10. Qd3 Ng4 11. Qe2 {B47: Sicilian: Taimanov: 5 Nc3 Qc7 6 f4, 6 g3 and 6 Be2.} h5 12. Bf4 d6 13. Rad1 {The position is equal.} Bd7 14. h3 (14. Qd2 $11) 14... Ne5 $15 15. Be3 {[#]} Rc8 $146 ({Predecessor:} 15... Bb4 16. f4 Bxc3 17. bxc3 Bb5 18. Qf2 Bxf1 19. fxe5 Bxg2 20. exd6 Qd7 21. Kxg2 Rc8 {0-1 (41) Soukup,J (2308)-Van Dooren,D (2316) Germany 2016}) 16. Bxc5 Qxc5 17. Rc1 Qb4 18. Qd2 (18. Rb1 $15) 18... Qxb2 $17 19. Nb1 Nc4 ({Don't do} 19... Qxa2 20. Qxd6 Nc4 21. Qd3 $17) 20. Qg5 (20. Qd3 {was worth a try.}) 20... Rc5 $19 21. Qf4 Qe5 ({But not} 21... Qxa2 22. Nd2 $17) 22. Qf3 h4 23. g4 O-O 24. Qd1 Qf4 25. Nc3 Qf6 26. Ne2 Bb5 27. c3 Rfc8 28. Rb1 Na3 29. Rb2 Bxe2 30. Rxe2 e5 31. Rd2 Nb5 ({Weaker is} 31... Rxc3 32. Rxd6 Qg5 33. Rd7 $17) 32. a4 Nxc3 33. Qb3 b5 34. a5 (34. axb5 {was the only chance.} Rxb5 35. Qa3) 34... Rc4 35. f3 Qf4 36. Rxd6 Ne2+ 37. Kf2 Nd4 {White got outplayed after the opening. Av CentiPawn Loss W=-70/B=-9. Weighted=-59/-12} 0-1

[Event "GER-ch Youth U18 2020"]
[Site "Willingen"]
[Date "2020.10.22"]
[Round "4.11"]
[White "Junker, Magnus"]
[Black "Besancon, Pascal"]
[Result "1/2-1/2"]
[WhiteElo "2093"]
[BlackElo "1915"]
[Annotator "TA"]
[PlyCount "127"]
[EventDate "2020.10.20"]
[EventType "swiss"]
[EventRounds "7"]
[EventCountry "GER"]
[SourceTitle "playchess.com"]
[Source "ChessBase"]
[SourceQuality "1"]

{[%evp 17,127,28,47,23,38,29,30,25,28,32,120,103,118,121,104,96,127,68,135,131,163,158,178,183,162,0,-2,-168,86,79,79,75,151,124,112,95,133,104,102,106,111,75,88,66,58,55,63,65,60,65,76,31,104,0,98,32,58,0,0,0,0,0,0,0,0,2,148,41,44,0,0,0,0,0,300,289,290,267,255,186,210,189,483,179,162,122,139,122,29978,29979,29979,29980,29980,29981,29981,29982,29982,29983,29980,29981,29981,29982,29981,29982,29983,29984,29987,29985,29987,29986,29986,29987]} 1. e4 e5 2. Nf3 d6 3. Bc4 Be7 4. Nc3 Nf6 5. d4 Nbd7 6. O-O c6 7. a4 a5 8. Be3 O-O 9. h3 Qc7 10. Qe2 {C41: Philidor Defence.} exd4 11. Nxd4 Nc5 {[#]} 12. Rfe1 $146 {White has an edge.} ({Predecessor:} 12. Bf4 Re8 13. Rfe1 Ne6 14. Nxe6 Bxe6 15. Bxe6 fxe6 16. e5 Nd5 17. Nxd5 exd5 18. Qh5 {½-½ (94) Jovanovic,S (2201)-Vujacic,B (2237) Belgrade 2018}) 12... Re8 13. Qf3 Ne6 (13... Be6 $14 14. Nxe6 Nxe6) 14. Nf5 $16 Bf8 15. Rad1 $36 {[%mdl 2048] Keeping Black busy.} Nd7 16. Qg3 {aiming for Nh6+.} Ne5 17. Bb3 ({Better is} 17. Ba2 $1 $16) 17... Kh8 (17... b6 $1 $14) 18. f4 Ng6 19. Qf2 $1 Nc5 20. Nxd6 $1 {[%mdl 64] Remove Defender} Bxd6 21. Rxd6 $2 (21. Bxc5 $6 Bxc5 22. Qxc5 Nxf4 $14) (21. e5 $1 $18 {[%cal Re5d6]} Nxb3 22. exd6) 21... Qxd6 $11 22. e5 $2 {[#]} (22. Bxc5 $11 {and White has nothing to worry.} Qxf4 23. Qxf4 Nxf4 24. Bxf7) 22... Qc7 $2 (22... Nxe5 $1 $19 23. fxe5 Rxe5) 23. Bxc5 $16 Be6 24. Bxe6 Rxe6 (24... fxe6 $142 25. Ne4 Qd7) 25. f5 {[%mdl 64] Double Attack} Rxe5 26. fxg6 {Strongly threatening Rxe5.} hxg6 27. Rxe5 Qxe5 28. Bd4 Qe6 29. Qf4 {Threatening mate with Qh6+.} f6 30. Ne4 {[%cal Re4f6]} g5 31. Qf3 {And now Qh5+ would win.} Rd8 32. Bc3 {[%cal Re4f6] Black must now prevent Nxf6!} Rd5 33. Ng3 Kg8 34. Qe2 Qd6 (34... Qxe2 $14 35. Nxe2 Rd1+ 36. Kf2 Ra1) 35. Ne4 ({White should play} 35. Qe8+ $16 Kh7 36. Qe4+ Kg8 37. Nf5 Rd1+ 38. Kf2 Qf4+ 39. Qxf4 gxf4 40. Bxa5) 35... Qd8 (35... Rd1+ $11 {keeps the balance.} 36. Be1 Qd4+ 37. Kh1 Rc1 38. Nxg5 fxg5 39. Qe8+ Kh7 40. Qh5+ {[%mdl 64] Double Attack} Kg8 $1 {[%mdl 512]} 41. Qe8+ Kh7 42. Qh5+ {[%mdl 64] Double Attack} Kg8 $1 {[%mdl 512]} 43. Qe8+) 36. Qh5 (36. Nd2 $16) 36... Qe7 37. Qg6 (37. Qf3 $1 $14) 37... Kf8 $11 38. Kh2 b5 {...b4 is the strong threat.} 39. axb5 cxb5 40. Bxa5 b4 $1 41. Bb6 f5 {[#]} (41... Qe5+ $11 {remains equal.} 42. Ng3 Rd2) 42. Ng3 (42. Nxg5 $6 Qe5+ 43. Kh1 Rd1+ 44. Bg1 Rxg1+ 45. Kxg1 Qe1+ 46. Kh2 Qe5+ 47. g3 Qe2+ 48. Kh1 (48. Kg1 Qe1+ {[%mdl 64] Double Attack} 49. Kh2 Qf2+ 50. Kh1 Qe1+ 51. Kh2 Qf2+ 52. Kh1 Qe1+ 53. Kh2 $11) 48... Qe1+ 49. Kh2 Qf2+ 50. Kh1 Qe1+ 51. Kh2 Qf2+ 52. Kh1 Qe1+ $11) (42. c4 $1 $16 {[%cal Rc4d5]} bxc3 43. Nxc3 Qe5+ 44. Kh1) 42... f4 $1 $14 {[%cal Rf4g3]} 43. Ne4 g4 $1 44. Bg1 (44. Qxg4 Qxe4 45. c3 (45. Qc8+ Kf7 $17) 45... Rd3 $17) 44... Re5 45. Nd2 ({Much weaker is} 45. Qxg4 Rxe4 46. c3 Qe6 $17) 45... f3 $2 {[%mdl 8192]} (45... Qd8 $11 {and Black is okay.} 46. Nb3 (46. Qxg4 Qxd2 47. c3 bxc3 $11) 46... g3+ 47. Kh1 Re1) 46. Qxg4 $18 fxg2 47. Nf3 Re2 48. h4 {Hoping for Ng5.} Qc7+ 49. Kh3 Rxc2 $2 (49... Kg8 50. Nd4 Rd2) 50. Qxb4+ $2 (50. Nd4 Qc8 51. Nxc2 Qxc2 52. Qe6) 50... Kg8 51. Qb3+ Kh8 52. Qe6 {Threatens to win with Qe8+.} Rxb2 $2 {[%mdl 8192]} (52... Qb8 $16 53. b4 Qa8) 53. Qe8+ {White mates.} Kh7 54. Ng5+ Kh6 {[#]} 55. Qh8+ $1 Kg6 56. Qh7+ Kf6 57. Bd4+ {[%mdl 64] Double Attack} Ke7 58. Qxg7+ Kd6 59. Be5+ {[%mdl 64] Skewer} Kd5 60. Bxc7 g1=Q 61. Qxb2 Qf1+ 62. Kh2 Qc4 63. Qe5+ Kc6 64. Qe6+ {[%mdl 32768] Av CentiPawn Loss W=-28/B=-51. Weighted=-51/-106. An unexpected result.} 1/2-1/2

[Event "GER-ch Youth U18 2020"]
[Site "Willingen"]
[Date "2020.10.22"]
[Round "4.12"]
[White "Vogt, Dustin"]
[Black "Lesny, Florian"]
[Result "0-1"]
[WhiteElo "1829"]
[BlackElo "2178"]
[Annotator "TA"]
[PlyCount "66"]
[EventDate "2020.10.20"]
[EventType "swiss"]
[EventRounds "7"]
[EventCountry "GER"]
[SourceTitle "playchess.com"]
[Source "ChessBase"]
[SourceQuality "1"]

{[%evp 23,66,-16,-3,-6,-3,-8,0,6,2,0,7,0,0,2,13,0,0,-15,0,-3,0,-59,-10,-28,0,0,0,-102,-112,-196,-198,-227,-220,-232,-227,-245,-237,-271,-321,-288,-269,-337,-329,-277,-298]} 1. e4 c5 2. Nf3 d6 3. g3 Nf6 4. d3 g6 5. Bg2 Bg7 6. O-O O-O 7. Nc3 Nc6 8. h3 Rb8 9. a4 a6 {[%cal Ba7a6,Ba6b5,Bb5b4][%mdl 32]} 10. Be3 b5 11. axb5 axb5 12. Qd2 b4 13. Ne2 {B25: Closed Sicilian: 3 g3, lines without early Be3.} e5 14. Bh6 Be6 15. Bxg7 {The position is equal.} Kxg7 16. Ng5 {[#]} Qc8 $146 ({Predecessor:} 16... h6 17. Nxe6+ fxe6 18. f4 exf4 19. gxf4 e5 20. c3 Ra8 21. Rxa8 Qxa8 22. cxb4 Nxb4 23. fxe5 dxe5 {½-½ (39) Pytlik,L (2260)-Trs,J (2060) ICCF email 2004}) 17. f4 h6 18. Nxe6+ Qxe6 19. f5 Qe7 20. h4 Nd4 21. Nxd4 cxd4 22. b3 ({White should play} 22. Bh3 $11) 22... Qc7 23. Bh3 Qc3 24. Qd1 Ra8 25. Rc1 {[#]} (25. Rxa8 $11 Rxa8 26. fxg6 fxg6 27. Kh2) 25... g5 $1 $17 26. hxg5 (26. Bg4 $17 {was necessary.}) 26... hxg5 $19 27. Rb1 Rg8 28. Rf2 Kf8 29. Bf1 Ke7 30. Rh2 Ra2 {Black has a decisive advantage.} 31. Rc1 Rc8 32. Kh1 Rb2 33. Ra1 {next Qc1 is good for White.} Rc7 {Av CentiPawn Loss W=-17/B=-4. Weighted=-16/-5} ({Stronger than} 33... Rxc2 34. Ra7+ Kf8 35. Rh6 $11) 0-1

[Event "GER-ch Youth U18 2020"]
[Site "Willingen"]
[Date "2020.10.22"]
[Round "4.13"]
[White "Wensing, Maximilian"]
[Black "Matthes, Aaron"]
[Result "0-1"]
[WhiteElo "2039"]
[BlackElo "2198"]
[Annotator "TA"]
[PlyCount "121"]
[EventDate "2020.10.20"]
[EventType "swiss"]
[EventRounds "7"]
[EventCountry "GER"]
[SourceTitle "playchess.com"]
[Source "ChessBase"]
[SourceQuality "1"]

{[%evp 20,121,15,-9,15,0,3,-88,-88,-87,-89,-81,-68,-106,-122,-136,-143,-135,-122,-127,-115,-109,-112,-120,-116,-135,-135,-136,-136,-228,-232,-269,-143,-183,-187,-184,-164,-415,-428,-439,-429,-473,0,-261,-278,-278,-269,-270,-248,-345,-236,-231,-185,-232,-233,-237,-240,-245,-245,-270,-270,-275,-277,-327,-314,-610,-610,-577,-557,-526,-526,-526,-511,-489,-398,-434,-184,-317,-2720,-1300,-1058,-12832,-11435,-12839,-12839,-12840,-12840,-12841,-12842,-12844,-12844,-12845,-12842,-12845,-12846,-12849,-12845,-12846,-12847,-12847,-12846,-12847,0,-12848]} 1. c4 Nf6 2. g3 e6 3. Bg2 d5 4. Nf3 Be7 5. O-O O-O 6. b3 b6 7. Bb2 c5 8. cxd5 Nxd5 9. d4 Bb7 10. Nc3 Nd7 $1 {The main line 10...Nd7 scores better than 10...Nxc3.} 11. Rc1 N7f6 {E17: Queen's Indian: 4 g3 Bb7 5 Bg2 Be7.} 12. dxc5 Bxc5 {[#]} 13. a3 $146 (13. Nxd5 $11 {remains equal.} Qxd5 14. Qxd5 Nxd5 15. Ne5) ({Predecessor:} 13. Na4 Be7 14. Qd4 Rc8 15. a3 Nc7 16. Rfd1 Nb5 17. Qxd8 Rcxd8 18. Rxd8 Rxd8 19. Ne5 Bxg2 20. Kxg2 {½-½ (47) Berg,K (2367)-Pfreundt,J (2228) Germany 2016}) 13... Nxc3 $17 {Black is better.} 14. Bxc3 Bxa3 15. Ra1 Bc5 16. e3 a5 17. Bd4 Rc8 18. Rc1 Qe7 19. Qe2 Bxf3 20. Bxf3 Bxd4 21. exd4 Qb4 22. Qe3 h6 23. Kg2 Rfd8 24. Rxc8 (24. h3 $17) 24... Rxc8 $19 25. Rd1 Rd8 (25... Rc3 $19 26. Rd3 Rxd3 27. Qxd3 b5) 26. h4 Nd5 27. Qd3 {[#]} e5 $1 {[%mdl 512]} 28. Qf5 $2 (28. Rc1 Qxd4 29. Qc4 Qxc4 30. Rxc4) (28. dxe5 Nf4+) 28... Nc3 29. Re1 exd4 30. Bh5 Rf8 $2 {[#]} (30... Qxb3 $19 {Hoping for ...Qd5+.} 31. Re7 Qd5+ 32. Qxd5 Nxd5 33. Bxf7+ Kf8) 31. Qd7 $2 {[%mdl 8192]} (31. Re8 $1 $11 {[%mdl 512]} Qxb3 (31... Rxe8 32. Qxf7+) 32. Rxf8+ Kxf8 33. Qc8+ Ke7 34. Qc7+ Kf6 35. Qd6+ {[%mdl 64] Double Attack} Qe6 36. Qxd4+ {[%mdl 64] Double Attack} Qe5 37. Qxb6+ Ke7 38. Qb7+ Kd8 39. Qa8+ (39. Bxf7 Qe4+ 40. Qxe4 Nxe4 $11) (39. Qxf7 $2 Qd5+ 40. Qxd5+ Nxd5 $19) 39... Ke7 40. Qb7+ Kd8 41. Qa8+ (41. Bxf7 Qe4+ 42. Qxe4 Nxe4 $11) (41. Qxf7 $2 Qd5+ 42. Qxd5+ Nxd5 $19) 41... Ke7 42. Qb7+) 31... Qxb3 32. Qxd4 Qd5+ 33. Qxd5 Nxd5 {[%mdl 4096] Endgame KRB-KRN} 34. Bf3 Nb4 35. Re7 Rd8 36. Ra7 g6 37. Be2 Rd6 38. Bc4 Rf6 39. f4 Kg7 40. Rb7 Nc2 {White must now prevent ...Ne3+.} 41. Kf3 b5 42. Bxb5 $2 {[#]} (42. Ba2 a4 43. Bd5) 42... Nd4+ $1 43. Ke4 Nxb5 44. Rxb5 {KR-KR} Ra6 45. Rb3 a4 46. Ra3 h5 47. f5 Kf6 48. fxg6 fxg6 49. Kf4 Ke6 50. g4 hxg4 51. Kxg4 Kd5 52. Kg5 Kc5 53. Ra1 a3 {[%cal Ba4a3,Ba3a2][%mdl 32]} 54. Ra2 Kb4 55. Ra1 Kb3 56. Rg1 a2 57. Rh1 Rc6 58. Rg1 Kb2 59. Rg2+ Kb1 60. Rg1+ Kb2 $2 (60... Rc1 $19 61. Rxc1+ Kxc1 62. Kh6 a1=Q 63. Kxg6 Qd4 64. Kg5 Qd8+ 65. Kf5 Qxh4 66. Ke6 Kd2 67. Kf7 Kc3 68. Kg6 Kc4 69. Kf5 Kd5 70. Kg6 Ke6 71. Kg7 Qg4+ 72. Kh8 Kf7 73. Kh7 Qh5#) 61. Kh6 $2 {[%mdl 8192] Av CentiPawn Loss W=-61/B=-20. Weighted=-82/-33} (61. Rg2+ $11 Rc2 62. Rg1) 0-1

[Event "GER-ch Youth U18 2020"]
[Site "Willingen"]
[Date "2020.10.23"]
[Round "5.1"]
[White "Suvorov, Alexander"]
[Black "Färber, David"]
[Result "1/2-1/2"]
[WhiteElo "2313"]
[BlackElo "2321"]
[Annotator "TA"]
[PlyCount "80"]
[EventDate "2020.10.20"]
[EventType "swiss"]
[EventRounds "7"]
[EventCountry "GER"]
[SourceTitle "playchess.com"]
[Source "ChessBase"]
[SourceQuality "1"]

{[%evp 16,80,13,5,3,0,7,0,7,19,7,0,13,7,0,0,14,9,20,25,26,24,27,24,27,23,35,26,24,29,31,18,38,36,42,38,62,46,61,42,33,37,66,59,59,59,62,26,39,38,32,41,45,50,78,48,75,35,56,64,61,46,58,25,62,62,62]} 1. Nf3 d5 2. g3 c6 3. Bg2 Bg4 4. c4 e6 5. cxd5 Bxf3 6. Bxf3 cxd5 7. O-O Nc6 8. d4 Nf6 9. Nc3 Be7 {A11: English Opening: 1...c6.} 10. e3 O-O 11. Bd2 Rc8 {The position is equal.} 12. Qe2 Qd7 {12...Ne8 is setting a new trend.} 13. Rfd1 Rfd8 {[#]} 14. Rac1 $146 ({Predecessor:} 14. Be1 Ne8 15. Rac1 f5 16. Bg2 Nf6 17. Na4 b6 18. Nc3 Na5 19. Nb1 Nc4 20. Rc2 {0-1 (35) Rapport,R (2747)-Carlsen,M (2882) Saint Louis 2019}) 14... a6 15. Be1 b5 16. Nb1 {[%cal Bc3b1,Bb1d2,Bd2b3,Bb3c1,Bc1d3][%mdl 32]} Nb8 17. Nd2 Rxc1 18. Rxc1 Rc8 19. Qd1 Rxc1 20. Qxc1 Qc6 21. Qd1 Nbd7 22. Nb3 Bd6 23. Nc1 Ne4 24. Nd3 f5 25. Be2 Qb6 26. Kf1 Kf7 27. f3 Nef6 28. Qc2 Qc7 29. Qxc7 Bxc7 30. b3 Nb8 31. Nb2 Nfd7 32. a4 bxa4 33. Nxa4 a5 34. Bb5 Ke7 35. Bc3 Kd6 36. Bb2 {[#] Ba3+ would kill now.} Ke7 37. Ke2 g5 38. Kf2 h5 39. h3 Bd6 40. Bc3 Bc7 $1 {Av CentiPawn Loss W=-6/B=-8. Weighted=-7/-8} 1/2-1/2

[Event "GER-ch Youth U18 2020"]
[Site "Willingen"]
[Date "2020.10.23"]
[Round "5.2"]
[White "Richter, Philipp"]
[Black "Stork, Oliver"]
[Result "0-1"]
[WhiteElo "2254"]
[BlackElo "2371"]
[Annotator "TA"]
[PlyCount "92"]
[EventDate "2020.10.20"]
[EventType "swiss"]
[EventRounds "7"]
[EventCountry "GER"]
[SourceTitle "playchess.com"]
[Source "ChessBase"]
[SourceQuality "1"]

{[%evp 9,92,7,33,28,28,31,38,10,18,18,19,14,6,1,8,8,16,0,12,-13,-8,-47,-45,-54,-65,-94,-95,-131,-128,-268,-250,-257,-253,-252,-265,-246,-248,-258,-251,-229,-131,-134,-134,-171,-167,-172,-172,-161,-137,-153,-154,-206,-206,-195,-195,-151,-136,-237,-243,-224,-178,-170,-170,-622,-590,-29981,-29982,-29982,-29983,-29983,-29984,-29984,-29985,-29985,-29986,-29987,-29988,-29988,-29989,-29989,-29990,-29990,-29991,-29991,-29992]} 1. d4 d5 2. c4 e6 3. Nc3 c6 4. e3 Bd6 5. b3 f5 6. Bb2 {D31: Queen's Gambit Declined: Semi-Slav without ...Nf6 (+ Marshall Gambit and Noteboom) and Exchange Variation lines without ...Nf6.} Nf6 7. Nf3 O-O 8. Be2 {White is slightly better.} b6 9. O-O Bb7 10. Rc1 Nbd7 11. Qc2 {[#]} Rc8 $146 ({Predecessor:} 11... Ne4 12. Nxe4 dxe4 13. Ne5 Bxe5 14. dxe5 Qc7 15. Qc3 Nc5 16. Rcd1 Rad8 17. Rd6 Bc8 {1-0 (51) Bordovsky,V (2425)-Polivanov,A (2426) Lutsk 2016}) 12. cxd5 cxd5 13. Qb1 a6 14. Ne1 Ne4 {Threatens to win with ...Nd2.} 15. Nxe4 (15. Rc2 {looks sharper.} b5 16. Nd3 Nxc3 17. Bxc3 Qc7 18. Rfc1) 15... dxe4 16. Rxc8 Qxc8 17. f4 Nf6 18. Nc2 b5 19. Ba3 {This move loses the game for White.} (19. Qd1 $17) 19... Bxa3 $19 20. Nxa3 Qc3 21. Qc1 Rc8 22. Qxc3 Rxc3 23. Kf2 Nd5 24. Re1 b4 ({Don't play} 24... Rxe3 25. Nb1) (24... h6 $19 25. Bf1 Nb4) 25. Nc4 $17 Rc2 26. Rd1 Rxa2 27. Rd2 Rxd2 28. Nxd2 $19 {[%mdl 4096] Endgame KBN-KBN} Nb6 29. g4 Kf8 30. gxf5 (30. g5 $17) 30... exf5 31. Ke1 a5 32. Bb5 Ke7 33. Nf1 (33. Nc4 $17 Nxc4 34. Bxc4) 33... Bd5 34. Nd2 Kd6 35. h4 {[#]} Bc6 $1 {[%cal Rc6b5]} 36. Bxc6 $2 (36. Ba6) 36... Kxc6 37. Nc4 Nxc4 {Black mates.} 38. bxc4 {KP-KP} a4 {[%cal Ba5a4,Ba4a3,Ba3a2][%mdl 32]} 39. Kd2 {[#]} a3 $1 40. Kc2 a2 41. Kb2 b3 $1 42. h5 g6 43. h6 Kd6 44. c5+ Kc6 45. Ka1 {[#]} g5 $1 {[%mdl 512]} 46. d5+ (46. fxg5 f4) 46... Kxc5 {Av CentiPawn Loss W=-47/B=-6. Weighted=-71/-10} 0-1

[Event "GER-ch Youth U18 2020"]
[Site "Willingen"]
[Date "2020.10.23"]
[Round "5.3"]
[White "Schmider, Niklas"]
[Black "Wachinger, Nikolas"]
[Result "0-1"]
[WhiteElo "2291"]
[BlackElo "2334"]
[Annotator "TA"]
[PlyCount "58"]
[EventDate "2020.10.20"]
[EventType "swiss"]
[EventRounds "7"]
[EventCountry "GER"]
[SourceTitle "playchess.com"]
[Source "ChessBase"]
[SourceQuality "1"]

{[%evp 12,58,51,47,75,61,85,64,47,33,34,23,25,25,35,26,15,0,72,63,79,47,35,28,24,25,24,0,0,0,0,0,0,0,0,-183,-171,-328,-327,-336,-332,-356,-343,-394,-396,-563,-541,-485,-498]} 1. e4 c5 2. Nf3 Nc6 3. d4 cxd4 4. Nxd4 Qb6 5. Nb3 Nf6 6. Nc3 e6 7. Bd3 Ne5 {B33: Sicilian: Pelikan and Sveshnikov Variations.} 8. O-O a6 9. Be2 {[#]} Bb4 $146 {White is slightly better.} ({Predecessor:} 9... h5 10. h3 g6 11. a4 d6 12. a5 Qc7 13. f4 Ned7 14. f5 Be7 15. Bg5 gxf5 16. exf5 {1-0 (28) Yee,S (2209)-Nirav Y,R (2183) Kuala Lumpur 2010}) 10. Be3 Qc7 11. f4 Nc4 12. Bxc4 {Bd3 is the strong threat.} Qxc4 13. Nd2 Qc6 14. e5 Nd5 (14... Bxc3 $11 15. bxc3 Nd5) 15. Nxd5 $16 Qxd5 16. c3 Be7 17. Qg4 O-O 18. Bd4 b5 19. Rae1 f5 20. exf6 Bxf6 21. Bxf6 Rxf6 22. Ne4 Rg6 23. Ng5 $2 {[#]} (23. Qd1 $11 {and White stays safe.}) 23... h6 $1 $19 24. Re5 $2 {[#]} (24. h4 hxg5 25. fxg5) 24... Rxg5 $1 {[%mdl 576] Deflection} 25. fxg5 (25. Rxg5 hxg5) 25... Qxe5 26. gxh6 Bb7 27. Kh1 Rf8 {[%cal Rf8f1]} 28. h7+ (28. Rxf8+ {is the only way for White.} Kxf8 29. hxg7+ Qxg7 30. Qxg7+ Kxg7 31. Kg1) 28... Kxh7 {[%cal Rf8f1]} 29. Qh4+ Kg8 {Av CentiPawn Loss W=-31/B=-6. Weighted=-47/-6} 0-1

[Event "GER-ch Youth U18 2020"]
[Site "Willingen"]
[Date "2020.10.23"]
[Round "5.4"]
[White "Gutkin, Ilya"]
[Black "Richter, Nils"]
[Result "1/2-1/2"]
[WhiteElo "2203"]
[BlackElo "2290"]
[Annotator "TA"]
[PlyCount "144"]
[EventDate "2020.10.20"]
[EventType "swiss"]
[EventRounds "7"]
[EventCountry "GER"]
[SourceTitle "playchess.com"]
[Source "ChessBase"]
[SourceQuality "1"]

{[%evp 9,144,20,28,21,24,22,21,20,32,18,19,15,11,8,12,-22,5,-14,17,8,45,0,18,-11,-8,-20,0,-4,-6,-4,-4,-29,-7,-31,-10,-26,-26,-18,0,-7,0,-31,-31,-31,-31,-31,-31,-31,-31,-29,6,0,0,0,0,0,0,0,0,0,0,0,0,0,0,0,0,-19,0,0,0,0,0,0,0,0,0,-28,0,-43,0,-9,0,0,0,-12,-9,-18,-7,-23,-15,-22,-18,-19,-21,-75,-75,-75,-75,-101,-101,-101,-101,-101,-101,-101,-101,-101,-101,-101,-101,-101,-101,-101,-101,-101,-101,-101,-101,-101,0,-28,-29,-101,0,-41,0,-101,0,-101,0,-101,0,-101,0,-101,-59]} 1. Nf3 d5 2. g3 Nd7 3. d4 Nb6 4. Bg2 Bf5 5. b3 e6 6. Bb2 {D02: 1 d4 d5 2 Nf3 sidelines, including 2...Nf6 3 g3 and 2...Nf6 3 Bf4.} c6 7. Nbd2 Be7 8. O-O {The position is equal.} Nf6 {[#]} 9. Rc1 $146 ({Predecessor:} 9. c4 h6 10. a4 a5 11. e3 O-O 12. Qe2 Re8 13. Rac1 Bb4 14. Ne5 Nbd7 15. Nd3 {0-1 (46) Efimenko,Z (2602)-Esipenko,A (2682) chess.com INT 2020}) 9... O-O 10. Ne5 Nbd7 11. c4 a5 12. a3 h6 13. Re1 Qc7 14. Nd3 Rfd8 15. Nf3 Be4 16. Qd2 Qb6 17. Qc3 Rac8 18. c5 Qa6 19. b4 b6 20. Bf1 Rb8 21. Nde5 Rdc8 22. e3 Qb7 23. Ba1 Nxe5 24. Nxe5 Nd7 25. Ba6 Qxa6 26. Nxd7 Rb7 $1 {[%cal Rb7d7]} 27. Nxb6 axb4 28. axb4 Rcb8 29. Bb2 Bd8 30. Ra1 Qd3 31. Ra3 Qxc3 32. Bxc3 Bxb6 33. cxb6 Rxb6 34. h3 h5 35. Kf1 Bf3 36. Rea1 R8b7 37. Ke1 Kh7 38. Ra7 Rxa7 39. Rxa7 $11 {[%mdl 4096] Endgame KRB-KRB} Kg6 40. Kd2 Kf6 41. h4 Kg6 42. Ke1 f6 43. Re7 Bg4 44. Ra7 Kh6 45. Kf1 Bf3 46. Re7 Bg4 47. Ra7 g5 48. Kg2 Kg6 49. Ra8 Be2 50. hxg5 fxg5 51. f3 g4 52. f4 (52. fxg4 $11 {remains equal.} Bxg4 53. e4) 52... Ra6 $17 53. Rxa6 Bxa6 {KB-KB} 54. e4 dxe4 {aiming for ...e3.} 55. Kf2 Bc4 56. Ke3 Bd5 57. Be1 Kf6 58. Bf2 Ke7 59. Kd2 Kd7 60. Be3 Kc7 61. Kc3 Kb6 62. Bd2 Kb5 63. Be3 Ka4 64. Bd2 Ka3 (64... Bb3 $17) 65. Be3 Ka2 66. Bd2 {[#]} (66. Bf2 $11 {keeps the balance.}) 66... Ka3 (66... Bb3 $1 $17) 67. Be3 $15 Ka4 ({Black should play} 67... Bb3 $15) 68. Bd2 $17 Kb5 69. Be3 Kb6 (69... Ka6 $17) 70. Bf2 (70. Bd2 $11) 70... Kc7 (70... Kb7 $17) 71. Kd2 (71. Be3 $11) 71... Kd7 (71... Bc4 $17) 72. Ke3 (72. Be3 $1 $11 {was the only way to keep the balance.}) 72... Ke8 {Av CentiPawn Loss W=-17/B=-11. Weighted=-19/-15} 1/2-1/2